000 00480nam a2200193Ia 4500
005 20250423095931.0
008 250422s9999 xx 000 0 und d
020 _a0884154203
050 _aKM 206 .A4/
100 _aAlderman, Richard M.
245 0 _aKnow your right : answers to texans’ everyday legal questions
250 _a5th ed.
260 _aHouston
260 _bGulf Publishing Com.
260 _c1997
300 _a238 p
650 _aRights.
942 _cBK
999 _c31778
_d31778